=LDR 00000nam 2200000 4500 =001 INLIS000000000041830 =005 20200625102148 =035 ##$$a 0010-061300000041830 =008 200625################g##########0#ind## =041 ##$$a inD =082 ##$$a 2X4.1 =090 ##$$a 2 X 4.1, kAS A.2 =100 1#$$a Kasyi, Al-Khotib Syekh =245 1#$$a Asyura dalam Perspektif Islam, /$c Al-Khotib Syekh Abdul Wahab Al-Kasyi =260 ##$$a Jawa Timur :$b Islam Al-bagir,$c 1996 =300 ##$$a 220 hlm, ; $c 14 x 21 cm =850 ##$$a NBPNMAT =084 ##$$a 2X4.1 KAS a =250 ##$$a cet.1 =650 #4$$a Islam-Ibadah =990 ##$$a 00087303